000 00349nam a2200145Ia 4500
008 200103s9999||||xx |||||||||||||| ||und||
040 _aIMU-MPC
082 _aColumn-62
100 _aBinns, H.
245 0 _aEngineering Workshop Drawing
250 _aVol.1
260 _bEnglish Language Book Society, London
_c1949
300 _a96
942 _cBK
999 _c11161
_d11161